000 01344nam a2200337Ia 4500
001 ebr10333722
003 CaPaEBR
006 m u
007 cr cn|||||||||
008 090209s2009 mau sb 001 0 eng d
010 _z 2009005952
020 _z9780262013246 (hardcover : alk. paper)
020 _z9780262513043 (pbk. : alk. paper)
040 _aCaPaEBR
_cCaPaEBR
035 _a(OCoLC)459794767
050 1 4 _aQ175.5
_b.B759 2009eb
100 1 _aBrown, Mark B.
245 1 0 _aScience in democracy
_h[electronic resource] :
_bexpertise, institutions, and representation /
_cMark B. Brown.
260 _aCambridge, MA :
_bMIT Press,
_cc2009.
300 _axvi, 354 p.
504 _aIncludes bibliographical references and index.
533 _aElectronic reproduction.
_bPalo Alto, Calif. :
_cebrary,
_d2009.
_nAvailable via World Wide Web.
_nAccess may be limited to ebrary affiliated libraries.
650 0 _aScience
_xPolitical aspects.
650 0 _aScience and state.
650 0 _aScience and state
_xCitizen participation.
650 0 _aRepresentative government and representation.
650 0 _aDemocracy.
655 7 _aElectronic books.
_2local
710 2 _aebrary, Inc.
856 4 0 _uhttp://site.ebrary.com/lib/rucke/Doc?id=10333722
_zAn electronic book accessible through the World Wide Web; click to view
999 _c67474
_d67474